OPAC Home

රාමා දේවි (Record no. 42307)

MARC details
000 -LEADER
fixed length control field 00558nam a2200193Ia 4500
008 - FIXED-LENGTH DATA ELEMENTS--GENERAL INFORMATION
fixed length control field 140221t2010 xxu||||| |||| 00| 0 sin d
041 ## - LANGUAGE CODE
Language code of text/sound track or separate title Sinhala; Sinhalese
080 ## - UNIVERSAL DECIMAL CLASSIFICATION NUMBER
Universal Decimal Classification number 8-31
Item number CHA
942 ## - ADDED ENTRY ELEMENTS (KOHA)
Koha item type Books
003 - CONTROL NUMBER IDENTIFIER
control field LK-CoDNM
040 ## - CATALOGING SOURCE
Original cataloging agency LK-CoDNM
Modifying agency LK-CoDNM
Description conventions LK-CoDNM
100 ## - MAIN ENTRY--PERSONAL NAME
Personal name Chattopaddyaya,Sarathchandra
700 ## - ADDED ENTRY--PERSONAL NAME
Personal name Saamarasekara,J.K.S
Relator term translater
245 ## - TITLE STATEMENT
Title රාමා දේවි
246 ## - VARYING FORM OF TITLE
Title proper/short title Rama Devi
260 ## - PUBLICATION, DISTRIBUTION, ETC. (IMPRINT)
Place of publication, distribution, etc. Senarath Prakashana
-- Ibulgoda
Date of publication, distribution, etc. 2010
300 ## - PHYSICAL DESCRIPTION
Other physical details 184p, 21 cm
500 ## - GENERAL NOTE
General note Sinhalese transhlation Of Sarathchandra,Chattopaddyaya'Of Pallisamaj
Holdings
Withdrawn status Lost status Damaged status Not for loan Collection code Permanent Location Current Location Date acquired Full call number Barcode Koha item type
        Translation Library National Museum Colombo - Sri Lanka Library National Museum Colombo - Sri Lanka 2014-02-21 8-31 CHA 154815 Books
Copyright © 2023 Department of National Museum, Colombo 07, Sri Lanka Funded by UNESCO IFAP UNESCO